| 000 | 00748nam a22001815i 4500 | ||
|---|---|---|---|
| 001 | 178530 | ||
| 003 | ES-MaACL | ||
| 005 | 20240418143805.0 | ||
| 008 | 110606s1956 sp |||| | spa d | ||
| 080 | _a821.111(73)-31"19"(082.2) | ||
| 245 | 0 | 4 |
_aLos premios Pulitzer de novela. _nI. |
| 260 |
_aBarcelona : _bJosé Janés, _c1956. |
||
| 300 |
_a1770 p. ; _c18 cm. |
||
| 505 | 8 | 0 | _aContiene: El cuarto mandamiento / Booth Tarkington. El doctor Arrowsmith /Sinclair Lewis. Colonos en Georgia / Caroline Miller. El difunto George Apley / John P. Marquand. El despertar / Marjorie Kinnan Rawlings. Otoño precoz / Louis Bromfield |
| 650 | 7 |
_aNovela norteamericana _2 _9146954 |
|
| 852 |
_aES-MaACL _jE-15297 _xOlim P-103 |
||
| 999 |
_c178530 _d178530 |
||